Administración de la función informática : (Record no. 81079)

MARC details
000 -CABECERA
campo de control de longitud fija 00596nam a2200193 a 4500
005 - FECHA Y HORA DE LA ÚLTIMA TRANSACCIÓN
campo de control 20210223124137.0
008 - ELEMENTOS DE LONGITUD FIJA--INFORMACIÓN GENERAL
campo de control de longitud fija 010531s1998 r 000 0 eng d
020 ## - NÚMERO INTERNACIONAL NORMALIZADO PARA LIBROS
Número Internacional Estándar del Libro 9682456738
035 ## - NÚMERO DE CONTROL DEL SISTEMA
Número de control de sistema UPN01000107167
049 ## - COLECCIÓN
Colección CG
050 #4 - SIGNATURA TOPOGRÁFICA DE LA BIBLIOTECA DEL CONGRESO
Número de clasificación T58.64
Número de documento/Ítem H4.3 1998
100 1# - ASIENTO PRINCIPAL--NOMBRE PERSONAL
Nombre de persona Hernández Jiménez, Ricardo
9 (RLIN) 35138
245 10 - MENCIÓN DE TÍTULO
Título Administración de la función informática :
Resto del título factor AF1 /
Mención de responsabilidad, etc. Ricardo Hernández Jiménez.
250 ## - MENCIÓN DE EDICIÓN
Mención de edición 6a ed.
260 ## - PUBLICACIÓN, DISTRIBUCIÓN, ETC.
Lugar de publicación, distribución, etc. México :
Nombre del editor, distribuidor, etc. Trillas,
Fecha de publicación, distribución, etc. 1998.
300 ## - DESCRIPCIÓN FÍSICA
Extensión 363 p.
650 #4 - ASIENTO SECUNDARIO DE MATERIA - TERMINO TEMATICO
Término de materia o nombre geográfico como elemento de entrada SISTEMAS DE ALMACENAMIENTO Y RECUPERACION DE INFORMACION
9 (RLIN) 6288
905 ## - TIPO DE MATERIAL
Tipo de material Libro
Holdings
Estado de retiro Estado de pérdida Fuente del sistema de clasificación o colocación Estado dañado No para préstamo Código de colección Localización permanente Ubicación/localización actual Ubicación en estantería Total de préstamos Clasificación Código de barras Fecha visto por última vez Número de copia Tipo de ítem Koha
    Library of Congress Classification     Colección General Bib. Gregorio Torres Quintero Bib. Gregorio Torres Quintero Planta baja 4 T58.64 H4.3 1998 169978 31/12/2020 1 Libro